000 00688nam a22002417a 4500
003 UA-OsUOA
001 60175
007 ta
008 20090507b un ||||| |||| 00| 0 ukr d
100 _aВиейра Р.
090 _a004.65
_bВ42
942 _cBK
040 _aUA-OsUOA
_brus
_cUA-OsUOA
_dUA-OsUOA
245 _aПрограмирование баз даных Microsoft SQL Server 2005
_bБазовый курс
300 _a832 с.
955 _a2
041 _arus
080 _a004.65
020 _a978-5-8459-1202-2
260 _aМ.
_bИ.Д.Вильямс
_c2007
650 7 _a00 Загальні питання науки і культури
_2UDC
999 _c346429
_d346429